Συμβολή της δορυφορικής τηλεπισκόπισης στη μελέτη του φαινομένου της χαλαζόπτωσης : πτυχιακή εργασία

Αποθηκεύτηκε σε:
Λεπτομέρειες βιβλιογραφικής εγγραφής
Κύριος συγγραφέας: Γιαννακός, Απόστολος
Συγγραφή απο Οργανισμό/Αρχή: Πανεπιστήμιο Αιγαίου. Σχολή Κοινωνικών Επιστημών. Τμήμα Γεωγραφίας
Άλλοι συγγραφείς: Φείδας, Χαράλαμπος (Εισηγητής διατριβής)
Μορφή: Thesis Βιβλίο
Γλώσσα:Greek
Δημοσίευση: Μυτιλήνη : Πανεπιστήμιο Αιγαίου, Τμήμα Γεωγραφίας, 2006
Θέματα:
Ετικέτες: Προσθήκη ετικέτας
Δεν υπάρχουν, Καταχωρήστε ετικέτα πρώτοι!

MARC

LEADER 00000cam a2200000 i 4500
001 1/39574
008 061219s2006 gre d
035 |l 10086622 
040 |a GR-MY-UA  |b gre  |e aacr 
041 0 |a gre 
082 0 |a 551.5787  |2 (22) 
100 1 |a Γιαννακός, Απόστολος. 
245 1 0 |a Συμβολή της δορυφορικής τηλεπισκόπισης στη μελέτη του φαινομένου της χαλαζόπτωσης :  |b πτυχιακή εργασία /  |c Απόστολος Γιαννακός ; επιβλέπων καθηγητής: Φείδας Χαράλαμπος 
260 |a Μυτιλήνη :   |b Πανεπιστήμιο Αιγαίου, Τμήμα Γεωγραφίας,   |c 2006 
300 |a 230 σ. ;  |b πιν., σχ., εικ.;  |c 30 εκ. 
502 # # |a Πτυχιακή εργασία – Πανεπιστήμιο Αιγαίου, Λέσβος, 2006. 
504 |a Βιβλιογραφία: σ. 227-229 
650 0 0 |a Remote sensing  |x Case studies. 
650 0 0 |a Hailstorms  |x Remote sensing. 
650 0 0 |a Hail  |x Remote sensing. 
650 0 0 |a Hailstorms  |x Forecasting. 
650 0 0 |a Hail control. 
650 0 0 |a Dissertations, Academic  |z Greece. 
700 1 |a Φείδας, Χαράλαμπος.  |4 ths 
710 2 |a Πανεπιστήμιο Αιγαίου.   |b Σχολή Κοινωνικών Επιστημών.   |b Τμήμα Γεωγραφίας. 
852 |a INST  |b LESVOS  |c DIATR  |e 20061219  |h 393  |p 005100036759  |q 005100036759  |t DIE  |y 23 
852 |a INST  |b LESVOS  |c DIATR  |e 20061219  |h 394  |p 005100036758  |q 005100036758  |t DIE  |y 23 
901 |a BIBL1-2006-3 
909 |a Λ  |b 129973 
909 |a Λ  |b 129974 
924 |a ΓΙΑΝΝΑΚΟΣ  |b ΑΠΟΣΤΟΛΟΣ  |y ΛΕΣΒΟΣ  |z 2006-11 
970 |a ΧΑΤΖΗΜΙΧΑΗΛ  |b ΜΑΡΙΑ  |z 2006/12/19